000 00583nam a2200253Ia 4500
008 190123s9999 xx 000 0 und d
020 _a9780531253090
050 _a962
050 _bH469 2012
100 _aHeinrich, Ann
245 0 _aEgypt /
245 0 _cby Ann Heinrichs.
260 _aNew York, New York :
260 _bScholastic,
260 _c2012
300 _a144 pages :
300 _bcolored illustrations ;
300 _c24cm.
440 _aEnchantment of the world.
500 _a940L
650 _aEgypt.
700 _aSeries.
700 _aTitle.
999 _c361185
_d361185